Taylor Swift - Paroles my tears ricochet - Statistiques

Statistiques générales
  • Ce quiz a été pris 352 fois
    339 depuis la dernière actualisation
  • Le résultat moyen est 267 sur 310
Statistiques - réponses
Hint Réponse % Correct
I
99%
a
98%
my
98%
and
96%
And
96%
go
96%
me?
96%
me
96%
me,
96%
ricochet
96%
you
96%
you,
96%
You
96%
(you
96%
just
95%
tears
95%
the
95%
when
95%
(when
95%
can
94%
hear
94%
to
94%
want
94%
want,
94%
at
93%
home
93%
in
93%
Look
93%
not
93%
anywhere
92%
Anywhere
92%
I'm
92%
Couplet 1 | Couplet 2 We
92%
we
92%
did
91%
have
91%
it
90%
name,
90%
stayed
90%
your
90%
didn't
89%
on
89%
wishing
89%
are
88%
As
88%
be
88%
But
88%
but
88%
grace
88%
still
88%
why
88%
with
88%
Cursing
87%
cursing
87%
gave
87%
how
87%
If
87%
if
87%
myself
87%
All
86%
dead
86%
miss
86%
so
86%
talk
86%
of
85%
what
85%
'Cause
84%
fire,
84%
know
84%
night
84%
same
84%
too
84%
day,
83%
day
83%
deserve,
83%
loved
83%
sleep
83%
you'll
83%
babe
82%
Even
82%
made
82%
wear
82%
worst
82%
wake?
81%
you're
81%
ashes
80%
blood
80%
never
80%
swear
80%
that
80%
hero
79%
can't
78%
dying
78%
brave
77%
hell
77%
kill
77%
mean
77%
ring
77%
screaming
77%
sky)
77%
Some
77%
some
77%
was
77%
bones
76%
diamond
76%
for
76%
make
76%
up
76%
bury
75%
had
75%
here,
75%
'Til
75%
killed
74%
line
74%
tell
74%
stolen
73%
will
73%
fight,
72%
ghostly
72%
haunt
72%
jewels
72%
gather
71%
throw,
71%
would
71%
room,
70%
scene
70%
face
69%
fears
69%
saving
69%
flying
68%
I'd
68%
used
68%
knowing
67%
lullabies)
67%
around,
66%
stones,
66%
they'll
66%
into
64%
heart,
63%
turned
63%
waves
57%
beneath
56%
battleships
55%
this
54%
drunk
53%
sink
53%
out
52%
tossing
49%
blame,
48%
sunlit
45%
aim
44%
good
44%
pain
44%
years
43%
Weepin'
33%
Crossing
21%
Aucun quiz correspondant
Distribution des résultats
% des personnes avec chaque résultat
Percentile par nombre de réponses
Votre historique - résultats
Vous n’avez pas pris ce quiz depuis la dernière actualisation